Statistics for Quiz fans de NINHO

Click here to take the quiz!

General Stats

  • This quiz has been taken 480 times
  • The average score is 5 of 7

Answer Stats

QuestionAnswer% Correct
goutte d'eau: bin j'crois c'est l'..l'destin
95%
quel est le dernier album de ninhojefe
86%
la musique lettre a une femme est dans lequel de s'est albumM.I.L.S 3
77%
quel est le vrai prénom de ninhoWilliam Nzobazola
77%
dans l'album destin comment s'appelle la musique qu'il a fait koba la dla vivance
75%
quel la musique de ninho qui a fait le plus de vuemamacita
53%
quel âge a ninho25
44%

Score Distribution

Percentile by Number Answered

Percent of People with Each Score

Your Score History

You have not taken this quiz